MARC

LEADER 00000nam0a2200000 4500
001 268387
005 20231101234149.0
020 |a RU  |b 86-100667 
035 |a (RuTPU)RU\TPU\book\291538 
090 |a 268387 
100 |a 20140902d1986 km y0rusy5003 ca 
101 0 |a rus 
102 |a UA 
105 |a y z 001zy 
200 1 |a Управление техническим творчеством в трудовых коллективах  |f П. П. Крайнев, А. Н. Малышев, Н. М. Галак 
210 |a Киев  |c Технiка  |d 1986 
215 |a 120 с. 
320 |a Библиогр.: с. 118-119 (42 назв.). 
606 1 |a Техническое творчество  |2 stltpush  |3 (RuTPU)RU\TPU\subj\60138  |9 77627 
610 1 |a управление 
610 1 |a изобретательство 
610 1 |a рационализация 
610 1 |a трудовые коллективы 
610 1 |a экономика 
610 1 |a информационное обеспечение 
675 |a 62:001.894  |z rus  |v 3 
700 1 |a Крайнев  |b П. П.  |g Петр Павлович  |4 070 
701 1 |a Малышев  |b А. Н.  |g Александр Николаевич 
701 1 |a Галак  |b Н. М.  |g Николай Матвеевич 
801 0 |a RU  |b RuMRKP  |c 19950417  |g psbo 
801 1 |a RU  |b 63413507  |c 20140902 
801 2 |a RU  |b 63413507  |c 20220803  |g RCR 
942 |c BK